Đánh giá tác động của thời tiết cực đoan đến hoạt động sản xuất nông nghiệp trên địa bàn huyện K'Bang, tỉnh Gia Lai nhằm đề xuất một số giải pháp thích ứng

Diễn biến thời tiết cực đoan của huyện K'Bang từ năm 2005 – 2014. Tình hình sản xuất nông nghiệp của huyện K'bang. Ảnh hưởng của thời tiết cực đoan đến sản xuất nông nghiệp. Đề xuất một số nhóm giải pháp thích ứng với thời tiết cực đoan cho lĩnh vực trồng trọt trên địa bàn huyện K'Ban...

Cur síos iomlán

Đã lưu trong:
Sonraí Bibleagrafaíochta
Príomhúdar: Phùng Thị Minh Hạnh
Údair Eile: Võ Văn Phú PGS.TS (Hướng dẫn)
Formáid: Leabhar
Teanga:Vietnamese
Foilsithe: Đà Nẵng Đại học Đà Nẵng 2015
Ábhair:
Clibeanna: Cuir Clib Leis
Gan Chlibeanna, Bí ar an gcéad duine leis an taifead seo a chlibeáil!
Thư viện lưu trữ: Mạng thư viện Đại học Đà Nẵng
LEADER 01977nam a2200349 4500
001 000020172
003 16617
005 20150316150348.0
008 150303s2015 viesd
041 |a vie 
082 1 4 |a 632.1  |b PH-H 
100 1 |a Phùng Thị Minh Hạnh 
245 1 |a Đánh giá tác động của thời tiết cực đoan đến hoạt động sản xuất nông nghiệp trên địa bàn huyện K'Bang, tỉnh Gia Lai nhằm đề xuất một số giải pháp thích ứng  |c Phùng Thị Minh Hạnh ; Võ Văn Phú hướng dẫn.  |k Luận văn Thạc sĩ 
260 |a Đà Nẵng  |b Đại học Đà Nẵng  |c 2015 
300 |a 68 tr., phụ lục 11 tr.  |b biểu đồ, hình mh.  |c 29 cm.  |e Tóm tắt 
500 |a Luận văn thạc sĩ Khoa học. Chuyên ngành: Sinh thái học. Mã số: 60.42.60. 
520 3 |a Diễn biến thời tiết cực đoan của huyện K'Bang từ năm 2005 – 2014. Tình hình sản xuất nông nghiệp của huyện K'bang. Ảnh hưởng của thời tiết cực đoan đến sản xuất nông nghiệp. Đề xuất một số nhóm giải pháp thích ứng với thời tiết cực đoan cho lĩnh vực trồng trọt trên địa bàn huyện K'Bang 
650 0 4 |a Sản xuất nông nghiệp  |v Luận văn tốt nghiệp  |x Thời tiết cực đoan  |z Gia Lai 
653 |a Sinh thái học 
653 |a Sản xuất nông nghiệp 
653 |a Thời tiết cực đoan 
700 1 |a Võ Văn Phú  |c PGS.TS  |e Hướng dẫn 
OWN |a LSP 
AVA |a UDN50  |b LSP  |d 632.1 PH-H  |e available  |t Error 5001 Not defined in file expand_doc_bib_avail.  |f 1  |g 0  |h N  |i 0  |k 1 
999 |a From the UDN01 
AVA |a UDN50  |b LSP  |d 632.1 PH-H  |e available  |t Error 5001 Not defined in file expand_doc_bib_avail.  |f 1  |g 0  |h N  |i 0  |k 1 
TYP |a Monograph 
TYP |a Printed language 
980 |a Mạng thư viện Đại học Đà Nẵng